| 000 | 00625nam a22002297a 4500 | ||
|---|---|---|---|
| 005 | 20221221141801.0 | ||
| 008 | 221221b ||||| |||| 00| 0 eng d | ||
| 020 | _a9783924309862 | ||
| 040 | _cAL | ||
| 041 | _aGerman | ||
| 082 |
_223 _a943.086 _bFREW |
||
| 100 |
_aFREY (Gerhard) _967255 |
||
| 245 |
_aWas wusste mein opa?: _bTabuthema dritte Reich |
||
| 260 |
_aGermany _bFZ-VERLAG _c2007 |
||
| 300 |
_a511p. _bPB _c23x16cm. |
||
| 365 | _2History | ||
| 650 |
_aHerausgebers _967249 |
||
| 650 |
_aDer Terror Der _967250 |
||
| 650 |
_aPersonenverzeichnis _967251 |
||
| 700 |
_aFREY (Gerhard) _967248 |
||
| 942 |
_2ddc _cDB |
||
| 999 |
_c226002 _d226002 |
||